000
00299nam a22001337a 4500
008
181101b xxu||||| |||| 00| 0 eng d
020
_a
01292700612
041
_a
eng
080
_a
821
100
_a
23
101
_a
GJU
245
_a
English And Western Literature
_c
James.d
942
_2
udc
_c
BK
999
_c
51545
_d
51545